000 00540nam a2200205 a 4500
001 17468
003 CO-ViMGA
008 141112s2004 ck r 000 u spa d
020 _a8477226105
040 _aCO-ViMGA
_bspa
_cCO-ViMGA
082 0 4 _aCASb
100 1 _aBalanya, Ismael
_924779
245 1 0 _aEl caso de los boxeadores aficionados
260 _aBarcelona (EspaƱa),
_cTimun Mas,
_c1991
300 _a121
490 _aResuelve el misterio
650 1 4 _aADIVINANZAS
_9960
650 1 4 _aJUEGOS INFANTILES
_910241
942 _2ddc
_cBK
999 _c26990
_d26990